|
|
|
|
| LEADER |
00000nam a2200000 a 4500 |
| 001 |
UCL3591 |
| 003 |
CL-VaPUC |
| 008 |
031128e20030000US |||||||||||||||||eng|d |
| 020 |
|
|
|a 0262133601
|
| 082 |
0 |
4 |
|a 410.285
|b MAN
|2 21
|
| 100 |
|
|
|a Manning, Christopher D.
|e author
|9 582431
|
| 700 |
0 |
|
|a Schütze, Hinrich
|e author
|9 480936
|
| 245 |
1 |
0 |
|a Foundations of statistical natural language processing
|
| 300 |
|
|
|a 680 p
|
| 942 |
|
|
|c BK
|
| 945 |
|
|
|d 20031128 00:00:00
|a cmena
|
| 260 |
|
|
|a Cambridge
|b MIT
|c 2003
|
| 650 |
|
7 |
|a LINGUISTICA COMPUTACIONAL
|2 CL-VaPUC
|9 480937
|
| 650 |
|
0 |
|a Lenguaje natural
|9 421363
|
| 650 |
|
0 |
|a Estadística matemática
|9 260028
|
| 650 |
|
0 |
|a Métodos estadísticos
|9 259407
|
| 583 |
|
|
|a last modification
|c 20031128 00:00:00
|k Rodrigo Vera
|
| 999 |
|
|
|c 306611
|d 306609
|
| 952 |
|
|
|0 0
|1 0
|4 0
|6 410_285000000000000_MAN_2003
|7 0
|8 A
|9 371756
|a FDOPOS
|b FDOPOS
|d 2019-11-21
|i 3970027
|o 410.285 MAN 2003
|p 3970027
|r 2025-01-22
|w 2019-11-21
|y BK
|k MLA
|
| 952 |
|
|
|0 0
|1 0
|4 0
|6 410_285000000000000_MAN_2003
|7 0
|8 A
|9 371757
|a FDOPOS
|b FDOPOS
|d 2019-11-21
|i 4478282
|o 410.285 MAN 2003
|p 4478282
|r 2025-01-22
|w 2019-11-21
|y BK
|k MLA
|